000 00374nam a2200133Ia 4500
008 211119s9999||||xx |||||||||||||| ||und||
082 _a920
_bMUR-S
100 _aMurali,
245 0 _aSaphalajanmangal
260 _bMathrubhoomi Books
_aKottayam
_c2007
300 _a120p
650 _aHistory
_vBiographyGreat PersonalitiesEconomics
_xPGR-GANDHIAN STUDIES
942 _cBOOK
999 _c107765
_d107765